000 00581nam a2200229 a 4500
001 BS0000659
003 BR-BrBNA
005 20230926141657.0
008 230308b |||||||| |||| 00| 0 por d
040 _aBR-BrBNA
_bpor
_cBiblioteca Nacional de Agricultura
041 _apor
072 _aS86
090 _aS86
_bBS0000659
100 1 _aRosa, João Guimarães.
245 1 _aSagarana /
250 1 _a31. ed
260 3 _aRio de Janeiro:
_bNova Fronteira,
_c1984.
300 _a386 p.
650 _aLITERATURA BRASILEIRA
650 _aCONTOS BRASILEIROS
942 _cBK
_2AGRIS
999 _c5721
_d5721